La géographie contemporaine
Furkejuvvon:
| Váldodahkkit: | , , |
|---|---|
| Materiálatiipa: | Girji |
| Giella: | fránskkagiella |
| Almmustuhtton: |
París
Le Cavalier Bleu
2005
|
| Ráidu: | Idées Recues
|
| Fáttát: | |
| Fáddágilkorat: |
Lasit fáddágilkoriid
Eai fáddágilkorat, Lasit vuosttaš fáddágilkora!
|
MARC
| LEADER | 00000nam a2200000 a 4500 | ||
|---|---|---|---|
| 001 | UCI8719 | ||
| 003 | CL-VaPUC | ||
| 008 | 080925e20050000FR |||||||||||||||||fre|d | ||
| 020 | |a 2846701156 | ||
| 082 | 0 | 4 | |a 910 |b ALL |2 21 |
| 100 | 0 | |a Allemand, Sylvain |e author |9 532291 | |
| 700 | 0 | |a Dagorn, René-Eric |e author |9 532292 | |
| 700 | 0 | |a Vilaca, Olivier |e author |9 532293 | |
| 245 | 1 | 3 | |a La géographie contemporaine |
| 300 | |a 126 p | ||
| 942 | |c BK | ||
| 945 | |d 20080925 00:00:00 |a rbrito | ||
| 260 | |a París |b Le Cavalier Bleu |c 2005 | ||
| 650 | 0 | |a Geografía |9 259346 | |
| 583 | |a last modification |c 20080925 00:00:00 |k Rodrigo Vera | ||
| 490 | 0 | |a Idées Recues | |
| 999 | |c 331513 |d 331511 | ||
| 952 | |0 0 |1 0 |4 0 |6 910_000000000000000_ALL_2005 |7 0 |8 A |9 418237 |a BIBING |b BIBING |d 2019-11-22 |i 4483928 |o 910 ALL 2005 |p 4483928 |r 2025-01-20 |w 2019-11-22 |y BK |k GEO | ||